000 00313nam a2200133Ia 4500
008 150301s2015 xx 000 0 und d
082 _a612.015
_bC95R
100 _aS.C RASTOGI
245 _aCONCEPTS IN MOLECULAR BIOLOGY
260 _bNEW AGE INT.
300 _a285
650 _aPHARMACEUTICS
942 _2ddc
_cBK
999 _c7201
_d7201